| 000 | 00650nab a22001817a 4500 | ||
|---|---|---|---|
| 003 | BPK | ||
| 005 | 20160212110446.0 | ||
| 008 | 160212b1986 ru ||||| |||| 00| ||rus | ||
| 040 | _cBPK | ||
| 041 | _arus | ||
| 044 | _aRUS | ||
| 100 |
_aDIAKUN, Jarosław. _d1975 - 1996. _bWyższa Szkoła Inżynierska w Koszalinie - Wydział Mechaniczny, _cKatedra Inżynierii Spożywczej |
||
| 245 |
_aAlgoritm rasceta osnovnych parametrov zony pitanija cervjacnogo pressa / _cJarosław Diakun, L.F. Voronin. |
||
| 260 | _c1986. | ||
| 500 | _aDane z kartoteki bpp. | ||
| 773 |
_iW : _tChimiceskoe Masinostroenie. - _g1986, Vyp. 44, s. 28-34 |
||
| 942 |
_cART _2UKD |
||
| 999 |
_c7272 _d7272 |
||